Umění jako investice

Investovanie do umenia je špecifická záležitosť, pretože má finančný aj kultúrny význam. Mať diverzifikované portfólio investíc je prirodzený stav a súčasť základného ekonomického povedomia. Trendom je tzv. art banking.

Gespeichert in:
Bibliographische Detailangaben
1. Verfasser: Brchelová, Monika
Format: Buchkapitel
Sprache:Tschechisch
Schlagworte:
Tags: Tag hinzufügen
Keine Tags, Fügen Sie das erste Tag hinzu!

MARC

LEADER 00000naa a2200000 4500
001 0234508
005 20170719110729.0
041 0 |a cze 
044 |a CZ 
245 1 0 |a Umění jako investice  |c Monika Brchelová 
520 |a Investovanie do umenia je špecifická záležitosť, pretože má finančný aj kultúrny význam. Mať diverzifikované portfólio investíc je prirodzený stav a súčasť základného ekonomického povedomia. Trendom je tzv. art banking. 
610 2 0 |a investície finančné 
610 2 0 |a stratégia investičná 
610 2 0 |a umenie 
610 2 0 |a kultúra 
100 1 |a Brchelová, Monika